00666 a2200181 4500003000500000005001700005010001600022020001500038040000900053082001200062100001800074245007200092250001100164260005300175300002500228505020200253650002900455Nust20230301132442.0 a 76040147 a0134733711 cNust00a327,HOL1 aHolsti, K. J.10aInternational politics :ba framework for analysis /cK. J. Holsti. a3d ed. aEnglewood Cliffs, N.J. :bPrentice-Hall,cc1977. axi, 548 p. ;c24 cm. aIntroductions (Page- 3), International Systems (Page-29), Foreign Policy Outputs (Page-107), Explanation of Foreign Policy Outputs (Page-359), Major Forms of Interaction Between States (Page-457).  0aInternational relations.